Statistiques concernant Pays les plus Peuplés du Monde à travers le Temps

Cliquez ici pour prendre le quiz!

Statistiques générales

  • Ce quiz a été pris 885 fois
    (694 depuis la dernière actualisation)
  • Le résultat moyen est 64 sur 72

Statistiques - réponses

PopulationContinentPays% Correct
404 MAsieChine
100%
399 MAsieChine
100%
1021 MAsieChine
100%
1369 MAsieChine
100%
546 MAsieChine
100%
1277 MAsieChine
100%
155 MAmérique du NordÉtats-Unis
99%
77 MAmérique du NordÉtats-Unis
99%
389 MAmérique du NordÉtats-Unis
99%
279 MAmérique du NordÉtats-Unis
99%
23 MAmérique du NordÉtats-Unis
99%
447 MAmérique du NordÉtats-Unis
99%
36 MEuropeFrance
99%
41 MEuropeFrance
99%
42 MEuropeFrance
99%
242 MAsieInde
99%
1517 MAsieInde
99%
1037 MAsieInde
99%
196 MAsieInde
99%
1657 MAsieInde
99%
367 MAsieInde
99%
41 MEurope/AsieRussie
98%
147 MEurope/AsieRussie
98%
64 MEurope/AsieRussie
98%
102 MEurope/AsieRussie
98%
69 MEuropeAllemagne
97%
81 MEuropeAllemagne
97%
55 MEuropeAllemagne
97%
33 MEuropeAllemagne
97%
52 MAmérique du SudBrésil
94%
233 MAmérique du SudBrésil
94%
173 MAmérique du SudBrésil
94%
32 MAsieJapon
94%
127 MAsieJapon
94%
82 MAsieJapon
94%
44 MAsieJapon
94%
50 MEuropeRoyaume-Uni
91%
22 MEuropeRoyaume-Uni
91%
38 MEuropeRoyaume-Uni
91%
101 MAmérique du NordMexique
90%
164 MAmérique du NordMexique
90%
34 MEuropeItalie
89%
46 MEuropeItalie
89%
24 MEuropeItalie
89%
306 MAsieIndonésie
86%
321 MAsieIndonésie
86%
209 MAsieIndonésie
86%
38 MAsieIndonésie
86%
68 MAsieIndonésie
86%
22 MAsieIndonésie
86%
379 MAfriqueRépublique Démocratique du Congo
86%
195 MAfriqueRépublique Démocratique du Congo
86%
192 MAfriqueNiger
84%
136 MAsiePakistan
82%
352 MAsiePakistan
82%
305 MAsiePakistan
82%
15 MAsiePakistan
82%
794 MAfriqueNigeria
80%
119 MAfriqueNigeria
80%
406 MAfriqueNigeria
80%
198 MAfriqueÉgypte
78%
153 MAfriqueÉgypte
78%
25 MEuropePologne
73%
129 MAsieBangladesh
69%
29 MAsieBangladesh
69%
202 MAsieBangladesh
69%
38 MAsieBangladesh
69%
23 MAsieBangladesh
69%
190 MAfriqueÉthiopie
67%
250 MAfriqueÉthiopie
67%
304 MAfriqueTanzanie
54%
214 MAfriqueOuganda
36%

Distribution des résultats

Percentile par nombre de réponses

% des personnes avec chaque résultat

Votre développement - résultats

Vous n’avez pas pris ce quiz depuis la dernière actualisation